[Event "EYCC 2024 - G16"]
[Site "?"]
[Date "2024.08.25"]
[Round "4.10"]
[White "Hakobova, Alisa"]
[Black "Zadrapova, Amalie"]
[Result "0-1"]
[BlackElo "1894"]
[WhiteElo "1619"]
[LiveChessVersion "1.4.8"]

1. e4 {[%clk 1:30:57]} c5 {[%clk 1:30:55]} 2. Nc3 {[%clk 1:31:23]} Nc6
{[%clk 1:31:18]} 3. Bb5 {[%clk 1:31:47]} Nd4 {[%clk 1:30:56]} 4. Bc4
{[%clk 1:32:12]} g6 {[%clk 1:30:12]} 5. Nge2 {[%clk 1:24:09]} Bg7
{[%clk 1:28:52]} 6. d3 {[%clk 1:23:27]} d6 {[%clk 1:26:30]} 7. O-O
{[%clk 1:22:37]} e6 {[%clk 1:25:50]} 8. Nxd4 {[%clk 1:11:52]} cxd4
{[%clk 1:24:28]} 9. Ne2 {[%clk 1:12:19]} Ne7 {[%clk 1:21:45]} 10. Bd2
{[%clk 1:12:01]} O-O {[%clk 1:12:23]} 11. Qc1 {[%clk 1:06:47]} Re8
{[%clk 1:06:15]} 12. Bh6 {[%clk 0:48:06]} Bh8 {[%clk 1:06:05]} 13. Bg5
{[%clk 0:48:33]} Qc7 {[%clk 0:55:53]} 14. Qf4 {[%clk 0:39:52]} Be5
{[%clk 0:43:02]} 15. Qh4 {[%clk 0:36:06]} Nc6 {[%clk 0:39:28]} 16. f4
{[%clk 0:31:57]} Bg7 {[%clk 0:39:04]} 17. Rae1 {[%clk 0:16:05]} d5
{[%clk 0:32:02]} 18. Bb3 {[%clk 0:10:14]} dxe4 {[%clk 0:24:08]} 19. dxe4
{[%clk 0:10:41]} Na5 {[%clk 0:23:16]} 20. Ba4 {[%clk 0:02:47]} Bd7
{[%clk 0:21:49]} 21. Bxd7 {[%clk 0:03:07]} Qxd7 {[%clk 0:22:13]} 22. e5
{[%clk 0:03:27]} Nc4 {[%clk 0:17:29]} 23. Ng3 {[%clk 0:02:20]} Ne3
{[%clk 0:16:01]} 24. Rf3 {[%clk 0:00:39]} Nf5 {[%clk 0:15:35]} 25. Nxf5
{[%clk 0:00:48]} exf5 {[%clk 0:16:01]} 26. Rd3 {[%clk 0:00:32]} Rac8
{[%clk 0:12:55]} 27. Re2 {[%clk 0:00:35]} Qb5 {[%clk 0:10:57]} 28. Rh3
{[%clk 0:00:38]} h5 {[%clk 0:11:11]} 29. Qe1 {[%clk 0:00:35]} Re6
{[%clk 0:09:29]} 30. Rb3 {[%clk 0:00:47]} Qc5 {[%clk 0:08:50]} 31. Kh1
{[%clk 0:00:49]} b5 {[%clk 0:08:11]} 32. h3 {[%clk 0:01:09]} Qd5 {[%clk 0:06:55]}
33. Qa5 {[%clk 0:01:05]} a6 {[%clk 0:07:03]} 34. Qe1 {[%clk 0:00:36]} Rec6
{[%clk 0:07:10]} 35. Qd1 {[%clk 0:00:42]} Rc4 {[%clk 0:07:07]} 36. Rd3
{[%clk 0:00:38]} Qc5 {[%clk 0:06:44]} 37. Rdd2 {[%clk 0:00:40]} Bf8
{[%clk 0:04:26]} 38. b3 {[%clk 0:00:56]} Rc3 {[%clk 0:04:40]} 39. Rxd4
{[%clk 0:00:38]} Qc6 {[%clk 0:02:02]} 40. Rdd2 {[%clk 0:00:38]} Rxh3+
{[%clk 0:02:25]} 41. Kg1 {[%clk 0:01:04]} Bc5+ {[%clk 0:02:26]} 42. Rf2
{[%clk 0:01:22]} Bxf2+ {[%clk 0:02:32]} 43. Rxf2 {[%clk 0:01:13]} Rc3
{[%clk 0:02:54]} 44. Rd2 {[%clk 0:01:30]} Rxc2 {[%clk 0:03:00]} 45. Rd8+
{[%clk 0:01:23]} Rxd8 {[%clk 0:02:35]} 46. Qxd8+ {[%clk 0:01:49]} Kh7
{[%clk 0:03:01]} 0-1

[Event "EYCC 2024 - G16"]
[Site "?"]
[Date "2024.08.25"]
[Round "4.11"]
[White "Eshkol, Lilian"]
[Black "Nuriyeva, Nurtan"]
[Result "0-1"]
[BlackElo "1891"]
[WhiteElo "1667"]
[LiveChessVersion "1.4.8"]

1. d4 {[%clk 1:30:53]} d5 {[%clk 1:30:26]} 2. Bf4 {[%clk 1:31:00]} Nf6
{[%clk 1:30:33]} 3. Nf3 {[%clk 1:31:13]} c5 {[%clk 1:30:45]} 4. e3
{[%clk 1:31:26]} Nc6 {[%clk 1:30:48]} 5. c3 {[%clk 1:31:39]} e6 {[%clk 1:30:42]}
6. Bd3 {[%clk 1:31:43]} Bd6 {[%clk 1:30:09]} 7. Ne5 {[%clk 1:29:51]} Qc7
{[%clk 1:29:06]} 8. Bb5 {[%clk 1:23:57]} O-O {[%clk 1:28:33]} 9. Bxc6
{[%clk 1:18:28]} bxc6 {[%clk 1:28:52]} 10. O-O {[%clk 1:18:03]} Nd7
{[%clk 1:25:49]} 11. Nd3 {[%clk 1:09:01]} Bxf4 {[%clk 1:22:21]} 12. Nxf4
{[%clk 1:08:32]} c4 {[%clk 1:22:14]} 13. Nd2 {[%clk 1:07:54]} c5 14. Qf3
{[%clk 1:05:32]} Rb8 {[%clk 1:14:24]} 15. Rab1 {[%clk 0:58:27]} Nf6
{[%clk 1:13:33]} 16. e4 {[%clk 0:50:29]} dxe4 {[%clk 1:12:07]} 17. Nxe4
{[%clk 0:50:45]} Nxe4 {[%clk 1:11:54]} 18. Qxe4 {[%clk 0:51:10]} cxd4
{[%clk 1:12:06]} 19. cxd4 {[%clk 0:50:05]} Rb5 {[%clk 1:10:16]} 20. Rfc1
{[%clk 0:37:06]} Bb7 {[%clk 1:08:57]} 21. Qe3 {[%clk 0:36:01]} Rf5
{[%clk 1:07:13]} 22. Nd3 {[%clk 0:31:33]} Bxg2 {[%clk 1:00:36]} 23. Kxg2
{[%clk 0:19:48]} Qb7+ {[%clk 1:00:58]} 24. f3 {[%clk 0:18:25]} cxd3
{[%clk 1:01:23]} 25. Qxd3 {[%clk 0:18:17]} Rd8 {[%clk 1:01:32]} 26. Rc4
{[%clk 0:16:26]} g6 {[%clk 1:00:49]} 27. Qc3 {[%clk 0:12:46]} Qb5
{[%clk 0:53:18]} 28. Rc1 {[%clk 0:11:26]} Rf4 {[%clk 0:52:09]} 29. Rc2
{[%clk 0:10:24]} Qg5+ {[%clk 0:50:15]} 30. Kf2 {[%clk 0:09:55]} Qh4+
{[%clk 0:49:54]} 31. Kg2 {[%clk 0:07:28]} Rfxd4 {[%clk 0:48:39]} 32. Rxd4
{[%clk 0:07:06]} Rxd4 {[%clk 0:48:52]} 33. Qc8+ {[%clk 0:05:52]} Kg7
{[%clk 0:47:45]} 34. Qc5 {[%clk 0:05:15]} Rd5 {[%clk 0:45:12]} 35. Qc3+
{[%clk 0:04:53]} Qf6 {[%clk 0:41:59]} 36. Qe3 {[%clk 0:01:35]} a5
{[%clk 0:41:42]} 37. b3 {[%clk 0:01:26]} Re5 {[%clk 0:41:54]} 38. Qd3
{[%clk 0:01:10]} Qg5+ {[%clk 0:41:54]} 39. Kf2 {[%clk 0:00:59]} Qh4+
{[%clk 0:42:18]} 40. Kg2 {[%clk 0:01:14]} Rg5+ {[%clk 0:42:12]} 41. Kf1
{[%clk 0:01:22]} Qh3+ {[%clk 0:42:41]} 42. Ke1 {[%clk 0:01:20]} Rg1+
{[%clk 0:43:00]} 43. Kd2 {[%clk 0:01:37]} Qxh2+ {[%clk 0:42:25]} 44. Kc3
{[%clk 0:01:53]} Qe5+ {[%clk 0:41:57]} 45. Kc4 {[%clk 0:01:37]} h5
{[%clk 0:41:39]} 0-1

[Event "EYCC 2024 - G16"]
[Site "?"]
[Date "2024.08.25"]
[Round "4.12"]
[White "Brezikova, Beata"]
[Black "Moscovitch, Michal"]
[Result "0-1"]
[BlackElo "1618"]
[WhiteElo "1873"]
[LiveChessVersion "1.4.8"]

1. e4 {[%clk 1:30:59]} e6 {[%clk 1:30:57]} 2. b3 {[%clk 1:31:15]} d5
{[%clk 1:30:37]} 3. Bb2 {[%clk 1:31:39]} c5 {[%clk 1:29:30]} 4. e5
{[%clk 1:29:50]} Ne7 {[%clk 1:27:25]} 5. Qg4 {[%clk 1:27:02]} Nbc6
{[%clk 1:25:42]} 6. f4 {[%clk 1:24:19]} Bd7 {[%clk 1:20:19]} 7. Nf3
{[%clk 1:22:28]} Nf5 {[%clk 1:16:15]} 8. h4 {[%clk 1:14:37]} h5 {[%clk 1:11:56]}
9. Qh3 {[%clk 1:14:20]} Be7 {[%clk 1:09:41]} 10. c3 {[%clk 1:07:01]} Qb6
{[%clk 1:07:22]} 11. Bd3 {[%clk 0:48:59]} Nh6 {[%clk 0:59:35]} 12. Na3
{[%clk 0:40:23]} O-O-O {[%clk 0:46:15]} 13. Rf1 {[%clk 0:30:14]} Kb8
{[%clk 0:42:20]} 14. O-O-O {[%clk 0:25:15]} Rc8 {[%clk 0:40:22]} 15. Qg3
{[%clk 0:22:38]} Ka8 {[%clk 0:39:11]} 16. Kb1 {[%clk 0:21:32]} g6
{[%clk 0:27:26]} 17. Qf2 {[%clk 0:19:27]} Qa5 {[%clk 0:21:45]} 18. Nc2
{[%clk 0:16:50]} Rb8 {[%clk 0:16:16]} 19. c4 {[%clk 0:14:19]} dxc4
{[%clk 0:14:59]} 20. Bxc4 {[%clk 0:14:19]} a6 {[%clk 0:11:53]} 21. d4
{[%clk 0:11:28]} b5 {[%clk 0:08:10]} 22. Bd3 {[%clk 0:09:26]} cxd4
{[%clk 0:04:00]} 23. Nfxd4 {[%clk 0:08:38]} Rbc8 {[%clk 0:03:09]} 24. Be4
{[%clk 0:07:51]} Qc7 {[%clk 0:02:34]} 25. Rc1 {[%clk 0:06:40]} Kb8
{[%clk 0:01:55]} 26. g3 {[%clk 0:02:46]} Nxd4 {[%clk 0:01:11]} 27. Nxd4
{[%clk 0:02:43]} Qa7 {[%clk 0:01:04]} 28. Qd2 {[%clk 0:01:54]} Qb6
{[%clk 0:00:49]} 29. Bc3 {[%clk 0:00:52]} b4 {[%clk 0:00:59]} 30. Bb2
{[%clk 0:01:16]} Rhd8 {[%clk 0:00:59]} 31. Qe2 {[%clk 0:01:17]} Nf5
{[%clk 0:00:42]} 32. Bxf5 {[%clk 0:00:37]} exf5 {[%clk 0:00:57]} 33. Qf3
{[%clk 0:00:53]} Qb7 {[%clk 0:00:46]} 34. Qxb7+ {[%clk 0:00:59]} Kxb7
{[%clk 0:01:15]} 35. Rfd1 {[%clk 0:00:57]} Bc6 {[%clk 0:00:49]} 36. Nc2
{[%clk 0:00:47]} Be4 {[%clk 0:00:59]} 37. Bd4 {[%clk 0:00:40]} Rxc2
{[%clk 0:00:53]} 38. Rxc2 {[%clk 0:00:59]} Bc5 {[%clk 0:00:45]} 39. Bxc5
{[%clk 0:00:36]} Rxd1+ {[%clk 0:01:10]} 40. Kb2 {[%clk 0:01:00]} Bxc2
{[%clk 0:01:18]} 41. Kxc2 {[%clk 0:01:26]} Rf1 {[%clk 0:01:00]} 42. Bxb4
{[%clk 0:01:28]} Rg1 {[%clk 0:01:20]} 43. Be7 {[%clk 0:01:19]} Rxg3
{[%clk 0:01:39]} 44. Kb2 {[%clk 0:01:28]} Kc6 {[%clk 0:01:17]} 45. Ka3
{[%clk 0:01:14]} Rg4 {[%clk 0:01:34]} 0-1

[Event "EYCC 2024 - G16"]
[Site "?"]
[Date "2024.08.25"]
[Round "4.13"]
[White "Dominikova, Denisa"]
[Black "Toth, Lili"]
[Result "1-0"]
[BlackElo "2078"]
[WhiteElo "1704"]
[LiveChessVersion "1.4.8"]

1. e4 {[%clk 1:30:54]} c6 {[%clk 1:30:58]} 2. Nc3 {[%clk 1:31:08]} d5
{[%clk 1:31:24]} 3. Nf3 {[%clk 1:31:25]} dxe4 {[%clk 1:31:48]} 4. Nxe4
{[%clk 1:31:42]} Nf6 {[%clk 1:32:14]} 5. Qe2 {[%clk 1:31:39]} Nxe4
{[%clk 1:32:39]} 6. Qxe4 {[%clk 1:31:59]} Qa5 {[%clk 1:33:04]} 7. Bc4
{[%clk 1:22:38]} Bf5 {[%clk 1:33:19]} 8. Qf4 {[%clk 1:21:55]} e6 {[%clk 1:33:19]}
9. Bb3 {[%clk 1:16:18]} Be7 {[%clk 1:31:30]} 10. O-O {[%clk 1:15:23]} Nd7
{[%clk 1:30:40]} 11. d3 {[%clk 1:12:39]} h6 {[%clk 1:28:24]} 12. Bd2
{[%clk 1:10:38]} Qd8 {[%clk 1:26:14]} 13. Bc3 {[%clk 1:07:36]} O-O
{[%clk 1:20:09]} 14. Rae1 {[%clk 1:02:00]} Nc5 {[%clk 1:07:02]} 15. Qe5
{[%clk 0:56:05]} Bf6 {[%clk 1:01:45]} 16. Qxc5 {[%clk 0:54:01]} b6
{[%clk 0:59:25]} 17. Bxf6 {[%clk 0:50:21]} Qxf6 {[%clk 0:59:31]} 18. Qe5
{[%clk 0:49:28]} Qd8 {[%clk 0:55:37]} 19. Nd4 {[%clk 0:46:04]} Qd7
{[%clk 0:56:03]} 20. Nxf5 {[%clk 0:46:04]} exf5 {[%clk 0:56:29]} 21. Re3
{[%clk 0:41:12]} 1-0

[Event "EYCC 2024 - G16"]
[Site "?"]
[Date "2024.08.25"]
[Round "4.14"]
[White "Omeri, Eklea"]
[Black "Kotliar, Anfisa"]
[Result "1-0"]
[BlackElo "1724"]
[WhiteElo "1962"]
[LiveChessVersion "1.4.8"]

1. d4 {[%clk 1:30:51]} d5 {[%clk 1:30:46]} 2. c4 {[%clk 1:31:15]} dxc4
{[%clk 1:31:06]} 3. Nc3 {[%clk 1:31:40]} Nf6 {[%clk 1:30:44]} 4. Nf3
{[%clk 1:31:14]} e6 {[%clk 1:30:30]} 5. e3 {[%clk 1:29:43]} a6 {[%clk 1:29:49]}
6. Bxc4 {[%clk 1:28:48]} b5 {[%clk 1:29:28]} 7. Be2 {[%clk 1:27:40]} Bb7
{[%clk 1:29:04]} 8. O-O {[%clk 1:27:48]} Nbd7 {[%clk 1:24:23]} 9. b3
{[%clk 1:22:25]} c5 {[%clk 1:22:50]} 10. Bb2 {[%clk 1:20:09]} Be7
{[%clk 1:20:38]} 11. Rc1 {[%clk 1:17:32]} O-O {[%clk 1:19:06]} 12. Bd3
{[%clk 1:07:09]} Rc8 {[%clk 1:11:46]} 13. Bb1 {[%clk 1:01:51]} c4
{[%clk 0:51:54]} 14. bxc4 {[%clk 0:59:53]} Rxc4 {[%clk 0:51:14]} 15. Nd2
{[%clk 0:58:49]} Rc8 {[%clk 0:49:53]} 16. Nce4 {[%clk 0:57:02]} Qa5
{[%clk 0:34:37]} 17. Nxf6+ {[%clk 0:53:28]} Nxf6 {[%clk 0:33:51]} 18. Nb3
{[%clk 0:50:45]} Qb6 {[%clk 0:31:55]} 19. Rxc8 {[%clk 0:48:22]} Rxc8
{[%clk 0:32:07]} 20. f3 {[%clk 0:47:50]} a5 {[%clk 0:23:55]} 21. Nd2
{[%clk 0:42:19]} Nd5 {[%clk 0:18:31]} 22. Qe1 {[%clk 0:37:23]} b4
{[%clk 0:09:09]} 23. Ne4 {[%clk 0:23:17]} a4 {[%clk 0:01:44]} 24. Nc5
{[%clk 0:21:49]} Bxc5 {[%clk 0:00:36]} 25. dxc5 {[%clk 0:22:13]} Qxc5
{[%clk 0:00:55]} 26. Bd4 {[%clk 0:22:31]} Qe7 {[%clk 0:00:59]} 27. Qg3
{[%clk 0:22:17]} f6 {[%clk 0:00:56]} 28. Qh4 {[%clk 0:16:29]} f5 {[%clk 0:00:50]}
29. Qg3 {[%clk 0:14:16]} Nc3 {[%clk 0:00:58]} 30. Bd3 {[%clk 0:13:11]} Nxa2
{[%clk 0:00:56]} 31. Qe5 {[%clk 0:13:30]} b3 {[%clk 0:00:37]} 32. Bxf5
{[%clk 0:13:27]} Bd5 {[%clk 0:00:35]} 33. e4 {[%clk 0:13:23]} Bc4
{[%clk 0:00:46]} 34. Rd1 {[%clk 0:12:32]} a3 {[%clk 0:00:45]} 35. f4
{[%clk 0:05:36]} Nb4 {[%clk 0:00:46]} 36. Rc1 {[%clk 0:02:21]} Nd3
{[%clk 0:00:42]} 37. Bxe6+ {[%clk 0:02:25]} Kh8 {[%clk 0:00:37]} 38. Rxc4
{[%clk 0:02:18]} Re8 {[%clk 0:00:34]} 39. Qxg7+ {[%clk 0:02:06]} Qxg7
{[%clk 0:00:58]} 40. Bxg7+ {[%clk 0:02:33]} Kxg7 {[%clk 0:01:21]} 41. Rc7+
{[%clk 0:03:02]} Kf6 {[%clk 0:00:56]} 42. Bxb3 {[%clk 0:03:27]} Rxe4
{[%clk 0:00:56]} 43. g3 {[%clk 0:03:42]} Re1+ {[%clk 0:00:44]} 44. Kg2
{[%clk 0:04:08]} Nc1 {[%clk 0:00:42]} 45. Bd5 {[%clk 0:04:14]} h6
{[%clk 0:00:36]} 46. Rf7+ {[%clk 0:04:20]} Kg6 {[%clk 0:00:54]} 47. f5+
{[%clk 0:04:43]} Kg5 {[%clk 0:00:44]} 48. h4+ {[%clk 0:05:07]} 1-0